000 00660cab a2200217 4500
001 WB3302-16
008 090401t1997 xxu||||| |||| 00| 0 eng d
035 _a(Sirsi) u19462
041 _aeng
245 _aNorth-south divide
260 _c1997
350 _a0
490 _aSunday Times
_v5 January 1997, 3.8(2)
520 _aForecasters predict a return to the north-south divide of the 1980s, as house prices and incomes in the south are rising more sharply than the north of the country.
650 _aFORECASTS
650 _aHOUSE PRICES
650 _aNORTH-SOUTH DIVIDE
690 _aECONOMIC AND SOCIAL
942 _n0
948 _c04/03/1997
999 _c12995
_d12995